000 00639nab a2200229 a 4500
001 20163
003 55113
005 20201118095926.0
008 ||||||n9999 ||| || ||
041 _aspa
100 _aSalazar Valiente, Mario
245 0 _aChina y el viento del oeste
260 _aMéxico :
_bUniversidad Nacional Autónoma de México,
_c1990.
300 _app. 47-59
562 _e0
650 _aANALISIS POLITICO
650 _aDEMOCRATIZACIÓN
650 _aEVOLUCION POLITICA
650 _aREFORMA DEL ESTADO
773 _020160
_aRevista Mexicana de Ciencias Políticas y Sociales - No.142
942 _cSART
999 _c20163
_d20163